00891naa a2200193 i 45000010005000000030009000050050017000140080041000310400036000720800012001081000144001202450097002646500019003616500024003806500030004047730235004349420013006699990015006828641KOSZ 00520180223124157.0180221s2002 pl | | |000 ||pol d cKOSZ 005aKOSZ 005dKOSZ 005/HR a339.1381 aKLONOWSKA-MATYNIA, Maria.d1999 - .bPolitechnika Koszalińska - Wydział Ekonomii i Zarządzania,cKatedra Marketingu Międzynarodowego10aRóżnice kulturowe a marketing mix na rynku Unii Europejskiej /cMaria Klonowska-Matynia. 0aMarketing-mix. aKonsumenci (ekon.). 0aOdmienność kulturowa.0 iW :tEuropean economy : opportunities of change : economic development, european integration, financial markets, information technology / ed. by Krzysztof Piech. -d Warsaw : The Knowledge Institute, 2002.gs. 191-199z8389132001  cROZ2UKD c8641d8641